Audiences / (Record no. 290620)
[ view plain ]
| 000 -LEADER | |
|---|---|
| fixed length control field | 00372nam a2200133Ia 4500 |
| 008 - FIXED-LENGTH DATA ELEMENTS--GENERAL INFORMATION | |
| fixed length control field | 160216s9999 xx 000 0 und d |
| 100 ## - MAIN ENTRY--PERSONAL NAME | |
| Personal name | Christie, I. |
| 245 ## - TITLE STATEMENT | |
| Title | Audiences / |
| 245 ## - TITLE STATEMENT | |
| Statement of responsibility, etc | I. Christie. |
| 260 ## - PUBLICATION, DISTRIBUTION, ETC. (IMPRINT) | |
| Name of publisher, distributor, etc | Amsterdam University Press |
| 260 ## - PUBLICATION, DISTRIBUTION, ETC. (IMPRINT) | |
| Date of publication, distribution, etc | 2012 |
| 650 ## - SUBJECT ADDED ENTRY--TOPICAL TERM | |
| General subdivision | Audiences. |
| 856 ## - ELECTRONIC LOCATION AND ACCESS | |
| Uniform Resource Identifier | <a href="http://media.wix.com/ugd/f47560_60a1c6eb6670408c9bed9efff4de5cca.pdf">http://media.wix.com/ugd/f47560_60a1c6eb6670408c9bed9efff4de5cca.pdf</a> |
| Withdrawn status | Lost status | Damaged status | Home library | Current library | Date acquired | Total Checkouts | Date last seen | Price effective from | Koha item type |
|---|---|---|---|---|---|---|---|---|---|
| College Library | College Library | 02/16/2016 | 02/16/2016 | 02/16/2016 | Curriculum - Based eBooks |